00551nam a2200193Ia 4500003000900000008004100009020001800050040001600068080001500084100001500099245005600114260003800170300001400208490003100222650004100253650002400294650002100318650001800339IN-BaIIA211028s9999 xx 000 0 eng d a0-356-03823-8 cIIA Library a521.1bAIT aAiton, E J 4aThe Vortex theory of planetary motionscE. J. Aiton aNew YorkbAmerican Elsevierc1972 aix, 282p. aHistory of science library aAstronomy and astrophysics thesaurus aCelestial mechanics aPlanetary theory aVortex theory